Kliknij państwa Europy na mapie - Statystyki

Ogólne statystyki
  • Ten quiz został rozwiązany 5 009 razy
  • Średni wynik to 33 z 45
Odpowiedzi na mapie
Odpowiedzi zakodowano w zielono-czerwonej skali na mapie do tego quizu, zgodnie z poniższymi procentami.
 
Statystyki odpowiedzi
Odpowiedź % Poprawnych
Polska
87%
Niemcy
86%
Rosja
86%
Francja
85%
Włochy
85%
Ukraina
84%
Wielka Brytania
84%
Hiszpania
83%
Portugalia
83%
Białoruś
82%
Czechy
81%
Islandia
81%
Litwa
81%
Grecja
80%
Irlandia
79%
Dania
78%
Łotwa
78%
Finlandia
77%
Norwegia
77%
Rumunia
77%
Szwecja
77%
Estonia
76%
Słowacja
76%
Austria
75%
Holandia
75%
Chorwacja
74%
Belgia
73%
Węgry
73%
Watykan
70%
Szwajcaria
69%
Bułgaria
68%
Malta
68%
Bośnia i Hercegowina
66%
San Marino
66%
Kosowo
65%
Serbia
65%
Liechtenstein
64%
Mołdawia
64%
Monako
64%
Słowenia
62%
Albania
61%
Andora
61%
Macedonia Północna
61%
Czarnogóra
59%
Luksemburg
59%
Nie znaleziono quizów pasujących do podanych kryteriów
Rozkład punktacji
Procent ludzi z każdym wynikiem
Percentyl według liczby udzielonych odpowiedzi
Twoja historia wyników
Nie rozwiązałeś tego quizu